000
00308nam a2200121 a 4500
005
20140414093831.0
008
970109s19uu xx 00 eng d
050
_a
VHS 400
_b
OR 12
245
_a
Disney's world of English. Vol. 10.
500
_a
Library has the 12 volumes
942
_c
AVM
999
_c
108747
_d
108747